000 005990000a22001210004500
100 1 _aPinheiro dos Santos, Jorge.
245 1 0 _aA doutrina da eleiçâo calvinismo, arminianismo e o equilibrio da doutrina batista.
300 _aVol.4, no.5 (2008), p. 40-48
520 _aDentro de la concepción de la diferencia entre teología y doctrina, éste artículo hace un estudio comparativo entre el concepto de predestinación calvinista, o arminianismo y la concepción bautista sobre el asunto tomado como una posición equilibrada.
650 1 4 _aPREDESTINACIÓN
773 0 _tTeológica
942 _cANA
999 _c63389
_d63389